1759 1131 1972 1205 1060 1706 1059 1269 1915 1741 1275 1362 1716 1153 1465 1195 1418 1754 1936 1575 1925 1444 1734 1882 1664 1301 1294 1692 1126 1858 1602 1814 1380 1411 1527 1311 1266 1435 1469 1648 1939 1071 1614 1243 1608 1330 1153 1230 1712 1849 1627 1690 1916 1894 1442 1518 1491 1615 1352 1845 1958 1169 1319 1644 1041 1269 1652 1562 1084 1952 1999 1909 1058 1595 1380 1370 1614 1449 1940 1963 1584 1649 1190 1804 1668 1802 1224 1155 1233 1694 1189 1952 1603 1736 1493 1523 1931 1313 1383 BCNSPRNW ULIB Ver.6.0+V

เปลี่ยนเป็นภาษาไทย

Change to English
 แสดงรายละเอียดบรรณานุกรม
  กลับหน้าหลัก

Brief Record : Get Marc (ISO 2709) : E-mail record : QR code < ปิดหน้าต่าง
LEADER : 00000nam 2200000uu 4500
001    13399122561
003     ULIB
008    130731s2011||||th 000 0 Eng d
020    9780521675802
050  4 ^aPE1112^bM978e
100 1  ^aMurphy, Raymond
245 10 ^aEssential grammar in use :^ba self-study reference and practice book for elementary students of English /^cRaymond Murphy
250    ^a3rd ed
260    ^aCambridge [England] :^bCambridge University Press,^cc2011
300    ^a259 p. :^bill.
500    ^aSend to Single Search
650  0 ^aEnglish language^xGrammar
650  0 ^aEnglish language^xGrammar^xProblems, exercises, etc.
945    ^p0^l0^i033731
999    ^aเกษร โพธิ์สุวรรณ
รายการนี้ยังไม่มีแท็ก
คุณยังไม่ได้ล็อกอิน คุณสามารถมีกิจกรรมร่วมกับเว็บไซต์ได้ แต่ต้องล็อกอินก่อน ::
  ล็อกอิน

รายการสื่อสารสนเทศ

ลำดับที่ ประเภท เลขเรียก/บาร์โค้ด สถานที่ สถานะ
1. การศึกษาทั่วไป
การศึกษาทั่วไป
PE1112 M978e  
  Barcode: 033731
ห้องสมุดวิทยาเขตสวรรค์ประชารักษ์
►หนังสือทั่วไป
บนชั้น

รายการใกล้เคียง
    ผู้แต่ง [Murphy, Raymond]

    หัวเรื่อง [English language Grammar]

BibComment


ยังไม่เคยถูกคอมเมนท์

คอมเมนท์ทรัพยากรรายการนี้
  คอมเมนท์: Essential gramma..


 Copyright 2026. Bcnsprnw @Library